Responses for Show #3637 - Tuesday, May 30, 2000

Contestants

[<< previous game]

Joseph Crippen, a Lutheran pastor from Northfield, Minnesota

Susan Wozny, a speech pathologist from West Orange, New Jersey

Ginny Reynolds, a writer and production coordinator from Patterson, New York (whose 1-day cash winnings total $10,000)

[next game >>]

Jeopardy! Round responses

FAMOUS PAINTINGS
CLASSIC TV SHOWS BY CHARACTERS
THE ANIMAL KINGDOM
TRANSPORTATION
5-LETTER WORDS
TELL IT TO THE MARINES
    $100 1
Pitchfork

Ginny
    $100 3
The Dick Van Dyke Show

Ginny
    $100 11
Beaver

Ginny
    $100 26
(Ginny: What is the United States?)

North America

GinnyJoseph
    $100 12
Tried

Susan
    $100 21
Semper Fidelis

Joseph
    $200 2
George Washington

Joseph
    $200 7
That Girl

Susan
    $200 17
Leopard

Susan
    $200 27
Accord

Joseph
    $200 13
Frame

Joseph
    $200 22
Camp Pendleton

Triple Stumper
    $300 4
Francisco Goya

Ginny
    $300 8
Gilligan's Island

Joseph
    $300 18
Rhinoceros

Ginny
    $300 28
(Ginny: What is a tank?)

a chariot

GinnyJoseph
    $300 14
Fleet

Joseph
    $600 23
"From The Halls of Montezuma"

Joseph
    $400 5
Rembrandt

Ginny
    $400 9
The Mary Tyler Moore Show

Joseph
    $400 19
Yangtze River

Joseph
    $400 29
(Joseph: What is a hydroplane?)
(Susan: What is a hydrofoil?)

a hovercraft

GinnySusanJoseph
    $400 15
Ditch

Susan
    $400 24
Guantanamo Bay

Ginny
    $500 6
Henri Matisse

Ginny
    $500 10
Father Knows Best

Susan
    $500 20
Caribou

Joseph
    $500 30
Federico Pena

Joseph
    $500 16
Least

Joseph
    $500 25
Iwo Jima

Joseph

Scores at the first commercial break (after clue 16):

Ginny Susan Joseph
$1,500 $1,200 $1,900

Scores at the end of the Jeopardy! Round:

Ginny Susan Joseph
$2,200 $1,000 $4,700

Double Jeopardy! Round responses

"HOTEL"s
THE PLAZA
(Alex: Hey, that's a hotel!)
THE FOUR SEASONS
HOLIDAY IN...?
THE WRITS
MERRY YACHTS
    $200 14
"Heartbreak Hotel"

Joseph
    $200 15
a pigeon

Joseph
    $200 9
Violin

Ginny
    $200 1
the Congo

Ginny
    $200 6
a summons

Triple Stumper
    $200 20
Franklin D. Roosevelt

Joseph
    $400 16
The Hotel New Hampshire

Ginny
    $400 27
Mexico City

Susan
    $400 10
Fall

Joseph
    $400 2
Ukraine

Joseph
    $400 7
habeas corpus

Ginny
    $400 21
Steve Forbes

Susan
    $600 17
Hotel California

Susan
    $600 28
a toll plaza

Ginny
    $600 11
Antonio Vivaldi

Joseph
    $600 3
Phnom Penh

Ginny
    $600 8
(Joseph: What is a heir?)
(Susan: What is a spouse?)
(Alex: Be more specific.)
(Susan: Wife... [*].)

a widow

SusanJoseph
    $1,000 22
(Susan: Who is Onassis?)
(Alex: Be more specific.)
(Susan: Um... Gloria Onassis?)

Jacqueline Kennedy Onassis

Susan
    $800 18
Grand Hotel

Ginny
    $800 29
William T. Sherman

Ginny
    $800 12
Teeth chattering

Susan
    $800 4
Haiti

Ginny
    $800 25
possession

Ginny
    $800 23
Catherine Zeta-Jones

Joseph
    $1000 19
Chelsea Hotel

Triple Stumper
    $1000 30
King's Square

Joseph
    $1000 13
Harmony

Ginny
    $1000 5
(Susan: What is Tibet?)

Kashmir

GinnySusan
    $1000 26
mandamus

Joseph
    $1000 24
(Alex: We have about a minute left.)

Monkey Business

Joseph

Scores at the end of the Double Jeopardy! Round:

Ginny Susan Joseph
$9,800 $1,800 $9,900

[wagering suggestions for these scores]

Final Jeopardy! Round responses

ACTORS
(Alex: Leonardo da Vinci was the painter of the art that was being looked at.)
SusanWho is David Hass
$800
GinnyWho is Leonardo de Caprio?
$7,200
JosephWho Leonardo De Caprio?
$9,701
Leonardo DiCaprio

Final scores:

Ginny Susan Joseph
$17,000 $1,000 $19,601
2nd place: Konka HDTV Set & DirecTv Satellite Service 3rd place: Lobster Gram Gift Certificate New champion: $19,601

Game dynamics:

Coryat scores:

Ginny Susan Joseph
$9,800 $2,800 $9,600
21 R
(including 1 DD),
2 W
10 R,
3 W
(including 1 DD)
25 R
(including 1 DD),
2 W

Combined Coryat: $22,200

[game clues] [game scores] [suggest correction]

Game tape date: 2000-02-28
The J! Archive is created by fans, for fans. Scraping, republication, monetization, and malicious use prohibited; this site may use cookies and collect identifying information. See terms. The Jeopardy! game show and all elements thereof, including but not limited to copyright and trademark thereto, are the property of Jeopardy Productions, Inc. and are protected under law. This website is not affiliated with, sponsored by, or operated by Jeopardy Productions, Inc. Join the discussion at JBoard.tv.